Katalytická oxidácia furfuralu bakalárska práca

Guardado en:
Detalles Bibliográficos
Autor principal: Košútová, Kristína
Formato: Libro
Lenguaje:eslovaco
Publicado: Bratislava STU FCHPT 2018
Acceso en línea:Ver en el OPAC
Etiquetas: Agregar Etiqueta
Sin Etiquetas, Sea el primero en etiquetar este registro!

MARC

LEADER 00000nam a2200000 a 4500
005 20260127134041.0
008 181106 2018 xo a 001 0 slo d
035 |a vtls011789078 
039 9 |y 201811061028  |z mschk03 
040 |a STUSCHK1  |b slo  |c STUSCHK1  |e AACR2 
100 1 |a Košútová, Kristína 
245 1 |a Katalytická oxidácia furfuralu  |b bakalárska práca  |c Kristína Košútová 
260 |a Bratislava  |b STU FCHPT  |c 2018 
300 |a 55 s.  |b il.  |c 25 cm 
500 |a Študijný program: chémia, medicínska chémia a chemické materiály 
500 |a Študijný odbor: chemické technológie, chémia 
500 |a Školiace pracovisko: Oddelenie organickej technológie, katalýzy a ropy 
500 |a Evid. číslo: FCHPT-13569-61041 
910 |a SCHK95 
999 |c 2925  |d 2925